| 000 | 005630000a22001810004500 | ||
|---|---|---|---|
| 003 | MACL | ||
| 005 | 20160401153019.0 | ||
| 008 | 160401b xxu||||| |||| 00| 0 eng d | ||
| 040 |
_aMACL _cMACL |
||
| 041 | _aHindi | ||
| 082 | _a398 | ||
| 100 |
_aडॉ रंजना शर्मा _949718 |
||
| 245 | _aलोकसाहित्य चिन्तन के विविध आयाम | ||
| 260 |
_aकोलकाता _bआनन्द प्रकाशन _c2011 |
||
| 350 | _a350 | ||
| 650 |
_aFolklore _949720 |
||
| 942 |
_cHIN _k398 _2ddc |
||
| 999 |
_c48122 _d48122 |
||